| 000 | 01136nam a2200373Ia 4500 | ||
|---|---|---|---|
| 001 | dia_6340 | ||
| 003 | CHAP | ||
| 005 | 20251023151500.0 | ||
| 008 | 220117s2013 xx 000 0 und d | ||
| 010 | _a177820 | ||
| 020 | _a978-607-12-0305-2 | ||
| 040 | _cCHAP | ||
| 082 | _a636.08552 A44 2013 | ||
| 100 |
_aAméndola Massiotti, Ricardo Daniel _9162276 |
||
| 245 |
_aEnsilaje de maíz / _c Ricardo Daniel Améndola Massiotti y Pedro Topete Pelayo |
||
| 260 |
_aMéxico : _b Universidad Autónoma Chapingo, _c2013 |
||
| 300 | _avi, 50 p. | ||
| 503 | _aD. | ||
| 504 | _aBibliografía: p. 46-48 | ||
| 590 | _aSB190 A44 2013 | ||
| 650 |
_aCorn silage _9162277 |
||
| 650 |
_aCorn _xStorage _9162278 |
||
| 650 |
_aEnsilaje _937102 |
||
| 650 |
_aForage _9159017 |
||
| 650 |
_aForraje _9137922 |
||
| 650 |
_aMaíz _xAlmacenamiento _970853 |
||
| 650 |
_aSilage _9162279 |
||
| 650 |
_aSilaje de maíz _9162280 |
||
| 700 |
_aTopete Pelayo, Pedro, coaut. _9145411 |
||
| 901 | _a636.08552 A44 2013 | ||
| 902 | _aA | ||
| 905 | _a5232272013 mx admn8223223322spa16 | ||
| 942 |
_cLIBRO _2ddc |
||
| 999 |
_c177820 _d177820 |
||